Stolen lives: trading women into sex and slavery

Gespeichert in:  
Bibliographische Detailangaben
1. VerfasserIn: Altink, Sietske (Verfasst von)
Medienart: Druck Buch
Sprache:Englisch
Veröffentlicht: London Scarlet Pr. [u.a.] 1995
In:Jahr: 1995
Online-Zugang: Verlagsangaben (Verlag)
Bestand in Tübingen:In Tübingen vorhanden.
UB: KB 8 E 6211
Verfügbarkeit prüfen: HBZ Gateway
Subito Bestelldienst: Jetzt bestellen.
Schlagwörter:

MARC

LEADER 00000cam a2200000 c 4500
001 197684378
003 DE-627
005 20251222204920.0
007 tu
008 960430s1995 xxk||||| 00| ||eng c
010 |a  95080629  
016 7 |a 1857270975  |2 UK 
020 |a 1857270975  |c hard  |9 1-85727-097-5 
020 |a 1857270037  |c paperback  |9 1-85727-003-7 
020 |a 1560238852  |9 1-56023-885-2 
035 |a (DE-627)197684378 
035 |a (DE-576)052764222 
035 |a (DE-599)GBV197684378 
035 |a (OCoLC)832696199 
035 |a (OCoLC)35011685 
040 |a DE-627  |b ger  |c DE-627  |e rakwb 
041 |a eng 
044 |c XA-GB  |c XD-US 
050 0 |a HQ115 
082 0 |a 306.74  |q LOC  |2 20 
082 0 |a 305.4 
084 |a 71.31  |2 bkl 
084 |a 71.33  |2 bkl 
084 |a 71.67  |2 bkl 
100 1 |a Altink, Sietske  |4 aut 
240 1 0 |a Dossier vrouwenhandel <engl.> 
245 1 0 |a Stolen lives  |b trading women into sex and slavery  |c Sietske Altink 
263 |a kart. : £ 9.99 
264 1 |a London  |b Scarlet Pr. [u.a.]  |c 1995 
300 |a XI, 180 S  |c 22 cm 
336 |a Text  |b txt  |2 rdacontent 
337 |a ohne Hilfsmittel zu benutzen  |b n  |2 rdamedia 
338 |a Band  |b nc  |2 rdacarrier 
500 |a Includes bibliographical references (p. 175-180) 
583 1 |a Archivierung prüfen  |c 20200919  |f DE-640  |z 1  |2 pdager 
583 1 |a Archivierung prüfen  |c 20240324  |f DE-4165  |z 1  |2 pdager 
583 1 |a Archivierung/Langzeitarchivierung gewährleistet  |c 20240722  |f NI-LastCopies  |x XA-DE-NI  |z Potenzieller Alleinbesitz Niedersachsen  |2 pdager  |5 DE-89 
650 0 |a Prostitution 
650 0 |a Transnational Crime 
650 0 |a Women  |x Crimes against 
650 0 |a Social Sciences 
689 0 0 |d s  |0 (DE-588)4018202-2  |0 (DE-627)104270705  |0 (DE-576)208923209  |a Frau  |2 gnd 
689 0 1 |d s  |0 (DE-588)4047516-5  |0 (DE-627)106194380  |0 (DE-576)209073810  |a Prostitution  |2 gnd 
689 0 |5 (DE-627) 
700 1 2 |a Altink, Sietske  |t Dossier vrouwenhandel <engl.> 
700 1 2 |a Altink, Sietske  |t Dossier vrouwenhandel <engl.> 
856 4 2 |u http://www.loc.gov/catdir/enhancements/fy0810/95080629-d.html  |v 2018-01-17  |x Verlag  |3 Verlagsangaben  |7 1 
935 |i Blocktest 
936 b k |a 71.31  |j Geschlechter und ihr Verhalten  |0 (DE-627)106412655 
936 b k |a 71.33  |j Frau  |x Soziologie  |0 (DE-627)106412671 
936 b k |a 71.67  |j Sexualität als soziales Problem  |0 (DE-627)106412205 
951 |a BO 
ELC |b 1 
LOK |0 000 xxxxxcx a22 zn 4500 
LOK |0 001 3127206968 
LOK |0 003 DE-627 
LOK |0 004 197684378 
LOK |0 005 19960626000000 
LOK |0 008 960626||||||||||||||||ger||||||| 
LOK |0 040   |a DE-21  |c DE-627  |d DE-21 
LOK |0 852   |a DE-21 
LOK |0 852 1  |c KB 8 E 6211  |9 00 
LOK |0 935   |a krim 
LOK |0 936ln  |a k9.4 
LOK |0 939   |a 26-06-96  |b l01 
ORI |a SA-MARC-krimdoka001.raw 
SIG |a UB: KB 8 E 6211